000 01014cam a2200301 a 4500
001 3848
005 20250530142943.0
020 _a9781592493029
040 _aDLC
_cDLC
_dDLC
_beng
050 0 0 _aPZ10.3.B4517
_b2004
082 0 0 _a303
100 1 _aBentley, Dawn
245 1 0 _aSnack time, Tyrannosaurus rex! /
_cbased on text by Dawn Bentley ; illustrated by Karen Carr
250 _aFirst edition 2004
260 _aNorwalk :
_bLittle Soundprints ;
_c2004
300 _a32 pages :
_bcolor illustrations ;
_c24 cm.
490 _aSoundprints' Read-and-Discover
505 _aJ
520 _aTyrannosaurus rex hunts for lunch and evades a volcano which is about to erupt.
521 _a460
_bLexile estimate
521 _aJ
_bRaz-Plus
650 0 _aTyrannosaurus rex
_vJuvenile fiction.
650 1 _aTyrannosaurus rex
_vFiction.
650 1 _aDinosaurs
_vFiction.
700 1 _aCarr, Karen
_d1960-
_eillustrator
906 _a7
_bcbc
_corignew
_d1
_eecip
_f20
_gy-gencatlg
942 _2ddc
_cBK
_n0
999 _c3848
_d3848